000 00664nam a2200241 i 4500
001 C2-0298242
003 PPAK
005 20180728080349.0
008 090528s1997 cc |||| ||||| | chi d
020 _a9579130264
040 _aPPAK
_beng
_cPPAK
_erda
082 0 4 _a158.1
_223
090 0 0 _a158.1
_bROB
_dG
100 1 _aRobbins, Anthony,
_eauthor
245 1 0 _aYi fen zhong ju ren
264 1 _aTaipei, Taiwan :
_bZhong Guo Sheng Chan Li Zhong Xin ,
_c1997
300 _a106 pages ;
_c21 cm
336 _2rdacontent
_atext
337 _2rdamedia
_aunmediated
338 _2rdacarrier
_avolume
650 1 0 _aSuccess - Psychology aspects
942 _ddc
_cB
999 _c102573
_d102573